Southville International School and Colleges
Your cart is empty.
  • Cart
  • Lists
    Public lists Eva Luna New books Lux_list list_1
    Your lists Log in to create your own lists
  • Log in to your account
  • Your cookies
  • Search history
Southville International School and Colleges
  • Advanced search
  • Recent comments
  • Most popular
  • Libraries

Log in to your account

Log in with GOOGLE


If you do not have an external account, but do have a local account, you can still log in:

  1. Home
  2. MARC view: Don't roll your eyes :
Normal view MARC view ISBD view

Don't roll your eyes : (Record no. 339732)

[ view plain ]
MARC details
000 -LEADER
fixed length control field 00722nam a2200277Ia 4500
008 - FIXED-LENGTH DATA ELEMENTS--GENERAL INFORMATION
fixed length control field 170711s9999 xx 000 0 und d
020 ## - INTERNATIONAL STANDARD BOOK NUMBER
International Standard Book Number 9780230338999
050 ## - LIBRARY OF CONGRESS CALL NUMBER
Classification number 346.01
050 ## - LIBRARY OF CONGRESS CALL NUMBER
Item number N436 2012
100 ## - MAIN ENTRY--PERSONAL NAME
Personal name Nemzoff, Ruth
245 ## - TITLE STATEMENT
Title Don't roll your eyes :
245 ## - TITLE STATEMENT
Remainder of title making in-laws into family /
245 ## - TITLE STATEMENT
Statement of responsibility, etc by Ruth Nemzoff.
260 ## - PUBLICATION, DISTRIBUTION, ETC. (IMPRINT)
Place of publication, distribution, etc New York :
260 ## - PUBLICATION, DISTRIBUTION, ETC. (IMPRINT)
Name of publisher, distributor, etc Macmillan,
260 ## - PUBLICATION, DISTRIBUTION, ETC. (IMPRINT)
Date of publication, distribution, etc 2012
300 ## - PHYSICAL DESCRIPTION
Extent xii, 244 pages :
300 ## - PHYSICAL DESCRIPTION
Other physical details illustrations ;
300 ## - PHYSICAL DESCRIPTION
Dimensions 21cm.
500 ## - GENERAL NOTE
General note Includes appendix, bibliographic reference and index.
650 ## - SUBJECT ADDED ENTRY--TOPICAL TERM
Topical term or geographic name as entry element Families.
650 ## - SUBJECT ADDED ENTRY--TOPICAL TERM
Topical term or geographic name as entry element Married people --
650 ## - SUBJECT ADDED ENTRY--TOPICAL TERM
Topical term or geographic name as entry element Parents-in-law.
650 ## - SUBJECT ADDED ENTRY--TOPICAL TERM
General subdivision Family relationships.
700 ## - ADDED ENTRY--PERSONAL NAME
Personal name Title.

No items available.

Don't roll your eyes :

APA

Nemzoff R., Title, .Don't roll your eyes. New York: .

Chicago

Nemzoff Ruth, Title, .Don't roll your eyes. New York: .

Harvard

Nemzoff R., Title, .Don't roll your eyes. New York: .

MLA

Nemzoff Ruth, Title, .New York: . .

  • Print
  • Cite
  • Add to your cart (remove)
  • Save record
    BIBTEX Dublin Core MARCXML MARC (non-Unicode/MARC-8) MARC (Unicode/UTF-8) MARC (Unicode/UTF-8, Standard) MODS (XML) RIS
  • More searches
    Search for this title in:
    Other Libraries (WorldCat) Other Databases (Google Scholar) Online Stores (Bookfinder.com) Open Library (openlibrary.org)

Exporting to Dublin Core...

SOUTHVILLE LIBRARY

Southville International School and Colleges Library

1281 Tropical Ave. Cor. Luxembourg St., BF Homes International, Las Pinas City

Tel. No. 8256374 / 252358 Loc. 117/146

Powered by Koha